000 00669nam a2200205 i 4500
001 52489
003 ES-MaACL
005 20230906162606.0
007 t|
008 030829n19001940sp ||||1| spa d
100 1 _aChejov, Anton Pavlovich.
_938315
245 1 3 _aUn duelo /
_cnovela por Anton Tchekhov ; traducción por Juan García Rodríguez.
260 _aMadrid :
_bLa España Moderna,
_c[19--] (
_fIdamor Moreno)
300 _a119 p. ;
_c23 cm.
490 1 _aLos grandes autores contemporáneos
700 1 _aGarcía Rodríguez, Juan.
_955202
830 0 _aLos grandes autores contemporáneos
_9184644
852 _aES-MaACL
_jF-14911
999 _c52489
_d52489